000 01156nam a2200253Ia 4500
001 17695
003 GE_BSU
008 181216s||||||||xx |||||||||||||| ||und||
020 _a978-9941-13-293-3
040 _cGE_BSU
080 _a574(075.8)
100 _aურუშაძე, თენგიზ, ლია მაჭავარიანი.
245 _aგამოყენებითი ეკოლოგიის საფუძვლები
245 _bსახელმძღვ.უმაღლესი სასწავლებლებისათვის;
245 _cრედ.: არნოლდ გეგეჭკორი, ნოდარ ელიზბარაშვილი ;
260 _a[თბ.]
260 _bთბილ. უნ-ტის გამ-ბა
260 _c2013
300 _a262 გვ. ; 24 სმ.
300 _eტერმინთა ლექსიკონი: 247-257. - ბიბლიოგრ.: გვ. 258-260.
653 _aეკოლგია
653 _aეკოლოგიური სამართალი; ბუნების დაცვა;
942 _cBK
999 _c50743
_d50743